Conquista de Méjico / (Record no. 158004)

MARC details
000 -LEADER
campo de control de longitud fija 00728nam a2200217 i 4500
001 - NÚMERO DE CONTROL
campo de control 158004
003 - IDENTIFICADOR DE NÚMERO DE CONTROL
campo de control ES-MaACL
005 - FECHA Y HORA DE LA ÚLTIMA TRANSACCIÓN
campo de control 20230906210939.0
008 - DATOS DE LONGITUD FIJA--INFORMACIÓN GENERAL
campo de control de longitud fija 940202m18871888sp |||| | spa d
040 ## - FUENTE DE CATALOGACIÓN
Centro catalogador/agencia de origen AS
Lengua de catalogación spa
080 ## - NÚMERO DE LA CLASIFICACIÓN DECIMAL UNIVERSAL
Número de la Clasificación Decimal Universal 9(72:46)"15
100 0# - ENTRADA PRINCIPAL--NOMBRE DE PERSONA
Nombre de persona López de Gómara, Francisco.
9 (RLIN) 73541
245 10 - MENCIÓN DEL TÍTULO
Título Conquista de Méjico /
Mención de responsabilidad, etc. Francisco López de Gomara.
260 ## - PUBLICACIÓN, DISTRIBUCIÓN, ETC.
Lugar de publicación, distribución, etc. Barcelona :
Nombre del editor, distribuidor, etc. Daniel Cortezo y Csap,
Fecha de publicación, distribución, etc. 1887-1888.
300 ## - DESCRIPCIÓN FÍSICA
Extensión 2 v.(282; 278 p.) ;
Dimensiones 21 cm.
490 1# - MENCIÓN DE SERIE
Mención de serie Biblioteca clásica española
650 #4 - PUNTO DE ACCESO ADICIONAL DE MATERIA--TÉRMINO DE MATERIA
Término de materia o nombre geográfico como elemento de entrada México-
Subdivisión general Historia-
Subdivisión cronológica 1517-1521, Descubrimiento y conquista.
9 (RLIN) 188142
830 0# - PUNTO DE ACCESO ADICIONAL DE SERIE-TÍTULO UNIFORME
Título uniforme Biblioteca clásica española
9 (RLIN) 182443
852 ## - LOCALIZACIÓN
Ubicación ES-MaACL
Número de control de estantería B-1047-48
Nota libre -- Enc. hol.
Holdings
Estatus retirado Estado de pérdida Estado de daño No para préstamo Colección Biblioteca de origen Biblioteca actual Ubicación en estantería Fecha de adquisición Fuente de adquisición Total de préstamos Signatura topográfica completa Código de barras Visto por última vez Precio de reemplazo Tipo de ítem Koha
        Libros del s. XIX Biblioteca del Ateneo de Madrid Biblioteca del Ateneo de Madrid Sala Pardo Bazán 17/01/2008     B-1047-48 1165364 23/02/2023 23/02/2023 Libro impreso antiguo